| 000 | 01082nam a2200229 i 4500 | ||
|---|---|---|---|
| 001 | 165527 | ||
| 003 | ES-MaACL | ||
| 005 | 20250911063600.0 | ||
| 008 | 931025s1881 sp |||| | spa d | ||
| 040 |
_bspa _cPAB |
||
| 100 | 1 |
_aSoler y Arqués, Carlos, _d1836-1896 _9132802 |
|
| 245 | 1 | 4 |
_aLos españoles según Calderón _b: discurso acerca de las costumbres públicas y privadas de los españoles en el siglo \RXVII\R fundado en el estudio de las comedias de Calderón de la Barca / _cescrito por Don Carlos Soler y Arqués ... |
| 260 |
_aMadrid : _b[s.n.], _c1881 ( _fTipografía Guttenberg) |
||
| 300 |
_a88 p. ; _c25 cm. |
||
| 500 | _aPremiado por la Real Academia de Ciencias Morales y Políticas. | ||
| 600 | 1 | 4 |
_aCalderón de la Barca, Pedro- _xCrítica e interpretación _933614 |
| 650 | 4 |
_aEspaña- _xUsos y costumbres. _9224201 |
|
| 700 | 1 |
_aGutenberg, _eimp. _9127651 |
|
| 752 |
_aEspaña - _dMadrid |
||
| 852 |
_aES-MaACL _jF-M-III-O (VI) _z-- Enc. pasta española _q-- Falto de la cub. original _z-- Enc. en un vol. facticio |
||
| 999 |
_c165527 _d165527 |
||